000 00372 a2200157 4500
001 48303
020 _a8516027473 (broch.)
040 _cAnchieta - Bela Vista
100 _aAranha, Maria Lúcia de Arruda,
240 1 0 _aQual é a graça?
_l
245 1 0 _aQual é a graça?
300 _a48p.
362 0 _a2001
650 4 _aLiteratura infanto-juvenil
942 _cBK
999 _c48303
_d48303